000 01100nam a2200229Ii 4500
003 JO-AjNU
008 230605s9999||||xx |||||||||||||| ||und||
017 _a2003/13377
020 _a977-5024-58-7
040 _aJO-AjNU
_bara
_erda
_cJO-AjNU
041 _aara
050 1 4 _aHF281.5.A2.I33.2003
100 3 _aاعداد:محمد محمود يوسف,
_eauthor
_932859
245 0 0 _aالادارة الاستراتيجية لتكاليف النقل ودورها في تنمية حركة التجارة العربية البينية
264 3 1 _aالقاهرة: المنظمة العربية للتنمية الادارية،2003
300 _a214ص
_bيحتوي على جداول،يحتوي على ببلوغرافية من ص209-214
336 _atext
_btxt
_2rdacontent
337 _aunmediated
_bn
_2rdamedia
338 _avolume
_bnc
_2rdacarrier
490 0 _aالمنظمة العربية للتنمية الادارية بحوث ودراسات
650 4 _aالنقل-البلاد العربية-التجارة -البلاد العربية-النقل-جوانب اقتصادية
_932860
999 _aA13313
_c16881
_d16881